| 000 | 00534 a2200217 4500 | ||
|---|---|---|---|
| 005 | 20240228094539.0 | ||
| 008 | 240223b |||||||| |||| 00| 0 eng d | ||
| 020 |
_a9780815344995 _c£ 66.99 |
||
| 040 | _aMAIN | ||
| 082 |
_a581.192 _bB687P(2) |
||
| 100 | _aBowsher, Caroline | ||
| 245 | _aPlant biochemistry | ||
| 250 | _a2nd | ||
| 260 |
_bCRC Press _c2021 _aAbingdon |
||
| 300 | _axvi, 473 | ||
| 650 | _aPlant Biochemistry | ||
| 650 | _aBiochemistry-Plants | ||
| 650 | _aBotany | ||
| 700 | _aTobin, Alyson | ||
| 942 | _cBK | ||
| 999 |
_c311479 _d311479 |
||